000
00300nam a2200133Ia 4500
082
_a
611
_b
E04G
100
_a
GORDEN, CHEEN PARKER
245
_a
THE ENCYCLOPEDIA ATLAS OF THE HUMAN BODY
250
_a
1ST
260
_b
CBS
_a
DELHI
_c
2004
300
_a
1-526
650
_a
HUMAN ANATOMY
942
_2
ddc
_c
BK
999
_c
590
_d
590